জীন, বংশধারা ও বিবর্তন / (Record no. 7681)
[ view plain ]
| 000 -LEADER | |
|---|---|
| fixed length control field | 00552nam a22002057a 4500 |
| 003 - CONTROL NUMBER IDENTIFIER | |
| JCCL marc code | BD-JhCC |
| 005 - DATE AND TIME OF LATEST TRANSACTION | |
| control field | 20180313094645.0 |
| 008 - FIXED-LENGTH DATA ELEMENTS--GENERAL INFORMATION | |
| fixed length control field | 180213b1986 bg ||||| |||| 00| 0 ben d |
| 035 ## - SYSTEM CONTROL NUMBER | |
| system control number | (BD-JhCC) |
| 040 ## - CATALOGING SOURCE | |
| Original cataloging agency | BD-JhCC |
| Modifying agency | BD-JhCC |
| 041 ## - LANGUAGE CODE | |
| Language code of Book | ben |
| 082 ## - DEWEY DECIMAL CLASSIFICATION NUMBER | |
| Classification number | 575.1 |
| Author mark and Year | GHU 1986 |
| 100 ## - MAIN ENTRY--PERSONAL NAME | |
| Personal name | গুহ, সুহিতা |
| 245 ## - TITLE STATEMENT | |
| Title | জীন, বংশধারা ও বিবর্তন / |
| Statement of responsibility, etc | সুহিতা গুহ |
| 300 ## - PHYSICAL DESCRIPTION | |
| Pagination | 220 p. : |
| Dimensions | 22 cm. |
| 650 ## - SUBJECT ADDED ENTRY--TOPICAL TERM | |
| Topical term or geographic name as entry element | Genetics |
| 650 ## - SUBJECT ADDED ENTRY--TOPICAL TERM | |
| Topical term or geographic name as entry element | Evolution |
| 942 ## - ADDED ENTRY ELEMENTS (KOHA) | |
| Source of classification or shelving scheme | Dewey Decimal Classification |
| Koha item type | Books |
| Source of classification or shelving scheme | Damaged status | Not for loan | Home library | Current library | Shelving location | Date of accession | Cost, normal purchase price | Total Checkouts | Full call number | Barcode | Date last seen | Copy number | Koha item type | volume number |
|---|---|---|---|---|---|---|---|---|---|---|---|---|---|---|
| Dewey Decimal Classification | JCC Rouf Library | JCC Rouf Library | General Stacks | 02/13/2018 | 16.00 | 575.1 GHU 1986 | 10248 | 02/13/2018 | C-1 | Books | ||||
| Dewey Decimal Classification | JCC Rouf Library | JCC Rouf Library | General Stacks | 26.00 | 575.1 GHU 1986 | 12433 | 03/13/2018 | C-2 | Books | V-1 |